Historia transferowa piłkarzy #2 - Statystyki

Ogólne statystyki
  • Ten quiz został rozwiązany 127 razy
  • Średni wynik to 5 z 7
Statystyki odpowiedzi
Zagadnienie Odpowiedź % Poprawnych
Rui Patricio Sporting Lizbona-Wolves-Roma
89%
Ngolo Kante US Boulogne-SM Caen-Leicester City-Chelsea
89%
Joao Felix Benfica-Atletico Madryt
86%
Pele Santos-New York Cosmos
75%
Fernan Torres Valencia-Manchester City
69%
Fred Internacional-Szachtar D-Manchester United
59%
Pau Torres Villareal-Malaga-Villareal
27%
Nie znaleziono quizów pasujących do podanych kryteriów
Rozkład punktacji
Procent ludzi z każdym wynikiem
Percentyl według liczby udzielonych odpowiedzi
Twoja historia wyników
Nie rozwiązałeś tego quizu